000 00381nam a2200157Ia 4500
008 230917s9999||||xx |||||||||||||| ||und||
040 _e109221
_aMAIN
041 _aEnglish
082 _a345 L399K
100 _aKenny
245 0 _aKenny's outlines of criminal law
250 _a19th ed.
260 _aDelhi
_bUniversal Law Publishing
_c2004
300 _a680 p.
942 _cBK
999 _c120803
_d120803